00262nam a2200097Ia 4500001000800000005001700008008004100025020001800066245006100084260001900145127226020260417151425.0260417s9999 xx 000 0 und d a9786256495159 0aOnbaşı Nezahat ve Kızlı AlaycBüşra Şen Altun bKetebe Çocuk